000 00707nam a2200289Ia 4500
005 20260324140456.0
008 008 260324s9999 xx 000 0 eng d
020 _a9780429426667
037 _aEBOOK
040 _aCRL
040 _beng
040 _cCRL
041 _2eng
041 _aeng
084 _qCRL
100 _aJulie F. Codell; Dianne Sachko Macleod
_91204532
245 0 _aOrientalism Transposed
245 0 _bImpact of the Colonies on British Culture
260 _bTaylor and Francis
260 _c1998
365 _a
365 _b170
856 _uhttp://www.taylorfrancis.com/books/9780429426667
942 _cEBOOK
999 _c1806668
_d1806668